The routledge companion to ethics / (Record no. 14671)
[ view plain ]
| 000 -LEADER | |
|---|---|
| fixed length control field | 03714cam a2200253 a 4500 |
| 001 - CONTROL NUMBER | |
| control field | TB12238 |
| 003 - CONTROL NUMBER IDENTIFIER | |
| control field | IN-BhIIT |
| 005 - DATE AND TIME OF LATEST TRANSACTION | |
| control field | 20260130180632.0 |
| 008 - FIXED-LENGTH DATA ELEMENTS--GENERAL INFORMATION | |
| fixed length control field | 250312b |||||||| |||| 00| 0 eng d |
| 020 ## - INTERNATIONAL STANDARD BOOK NUMBER | |
| ISBN | 9780415415163 (pbk.) |
| 040 ## - CATALOGING SOURCE | |
| Original cataloging agency | IN-BhIIT |
| 041 ## - LANGUAGE CODE | |
| Language code of text | eng |
| 082 00 - DEWEY DECIMAL CLASSIFICATION NUMBER | |
| Classification number | 170 |
| Book number | SKO/R |
| 245 04 - TITLE STATEMENT | |
| Title | The routledge companion to ethics / |
| Statement of responsibility, etc | edited by John Skorupski. |
| 260 ## - PUBLICATION, DISTRIBUTION, ETC. (IMPRINT) | |
| Place of publication | London ; |
| Name of publisher | Routledge, |
| Year of publication | 2013. |
| 300 ## - PHYSICAL DESCRIPTION | |
| Number of Pages | xxiv, 850 p. : |
| Other physical details(ill.) | ill. ; |
| Dimensions(size) | 26 cm. |
| 490 1# - SERIES STATEMENT | |
| Series statement | Routledge philosophy companions |
| 504 ## - BIBLIOGRAPHY, ETC. NOTE | |
| Bibliography, etc | Includes bibliographical references and index. |
| 505 0# - FORMATTED CONTENTS NOTE | |
| Formatted contents note | History -- Ethical thought in china / Yang Xiao -- Ethical thought in India / Stephen Clark -- Plato and Socrates / Richard Kraut -- Aristotle / C.C.W. Taylor -- Later ancient ethics / A.A. Long -- The Arabic tradition / Peter Adamson -- Natural law / Knud Haakonssen -- Hobbes / Bernard Gert -- Ethics and reason / Mike LeBuffe -- Ethics and sentiment / Michael Gill -- Hume / James Harris -- Smith / Craig Smith -- Utilitarianism to Bentham / Fred Rosen -- Kant / Thomas Hill -- Hegel / Ken Westphal / Henry West -- Green, bradley and sidgwick / T.H. Irwin -- Nietzsche / Maudmarie Clark -- Pragmatist moral philosophy / Alan Ryan -- Existentialism / Jonathan Webber -- Heidegger /Stephen Mulhall -- Meta-ethics -- Ethics, religion, science / Simon Blackburn -- Freedom and responsibility / Randolph Clarke -- Reasons for action / Robert Audi -- Open question arguments / Thomas Baldwin -- Realism and its alternatives / Peter Railton -- Non-cognitivism / Alex Miller -- Error theory and fictionalism / Nadeem Hussain -- Cognitivism without realism / Andrew Fisher -- Relativism / Nick Sturgeon -- Ideas and methods from outside ethics -- Social anthropology / James Laidlaw -- Psychology / Jesse Prinz -- Biology / Michael Ruse -- Formal methods in ethics / Erik Carlson -- Ethics and law / John Gardner -- Perspectives in ethics -- Reasons, values and morality / Simon Robertson -- Consequentialism / Brad Hooker -- Contemporary kantian ethics / Andrews Reath -- Intuitionism / Philip Stratton-Lake -- Virtue ethics / Michael Slote -- Contractualism / Rahul Kumar -- Contemporary natural law theory / Anthony J. Lisska -- Feminist ethics / Samantha Brennan -- Ethics and aesthetics / Robert Stecker -- Morality -- Morality and its critics / Stephen Darwall -- Conscience / John Skorupski -- Recognition, respect / Allen Wood -- Blame, remorse, mercy, forgiveness / Christopher Bennett -- Evil / Geoffrey Scarre -- Responsibility : intention and consequence / Suzanne Uniacke -- Responsibility : act and omission / Michael Zimmerman -- Partiality and impartiality / John Cottingham -- Particularism and principles / Michael Ridge, Sean McKeever -- Debates in ethics / goals and ideals -- Welfare / Christopher Heathwood -- Ideals of living (perfectionism) / Vinit Haksar -- Justice -- Rights / Tom Campbell -- Justice and punishment / John Tasioulas -- Justice and distribution / M.G. Clayton -- Human life -- Life and death / Fred Feldman -- Ending life / R.G. Frey -- Our world -- Population / Tim Mulgan -- Animals / Alan Carter -- Environment / Andrew Brennan -- Current issues -- The ethics of free speech / Mary Kate McGowan -- The ethics of research / Julian Savulescu -- World poverty / Thomas Pogge -- War / Henry Shue -- Terrorism and torture / David Rodin. |
| 520 8# - SUMMARY, ETC. | |
| Summary, etc | This is an outstanding survey of the whole field of ethics by a distinguished international team of contributors. The book opens with a comprehensive historical overview of ethics, including entries on Plato, Aristotle, Hume, and Kant. |
| 650 #0 - SUBJECT ADDED ENTRY--TOPICAL TERM | |
| Topical Term | Ethics. |
| 700 1# - ADDED ENTRY--PERSONAL NAME | |
| Personal name | Skorupski, John, |
| Relator term | Joint author |
| 942 ## - ADDED ENTRY ELEMENTS (KOHA) | |
| Koha item type | Text Book |
| Koha issues (borrowed), all copies | 1 |
| Withdrawn status | Lost status | Damaged status | Not for loan | Collection code | Home library | Current library | Date acquired | Source of acquisition | Cost, normal purchase price | Full call number | Accession Number | Cost, replacement price | Price effective from | Koha item type |
|---|---|---|---|---|---|---|---|---|---|---|---|---|---|---|
| Not withdrawn | Not Lost | not damaged | SHSSM | Central Library, IIT Bhubaneswar | Central Library, IIT Bhubaneswar | 07/02/2025 | 31 | 4053.73 | 170 SKO/R | TB12238 | 5553.05 | 07/02/2025 | Text Book |